000 00829nam a22002777a 4500
001
003 DO-SdBNP
005 20220314121953.0
007
008 160805b1999 sp a ||| 00| 0 spa d
020 _a9789523706
040 _aBPMSU
_bspa
_cBPMSU
082 _a395
_bP853a 1999
_222
092 _axxxxx
_bxxxxx
100 1 _aPorto de Mejía, Evelia.
245 1 0 _aEl arte de la etiqueta /
_cEvelía Porto de Mejía ; fotografías Mauricio Mendoza ... [et al.].
260 _aBogotá :
_bEdiciones Gamma,
_c1999
300 _a 197 p :
_bil., lams. [col.] ;
_c28 cm.
590 _6Inventariado, 2022/VM
650 4 _aEtiqueta
_vManuales.
650 4 _aCortesía
_vManuales.
700 1 _aVega, Carlos Mauricio,
_eed.
700 1 _aMendoza, Carlos Mauricio,
_eils.
910 _aVMateo V.
942 _2ddc
_cBK
999 _c14072
_d14072